| 000 | 00622 a2200205 4500 | ||
|---|---|---|---|
| 999 |
_c2116 _d2116 |
||
| 003 | dpl0 | ||
| 005 | 20190423124344.0 | ||
| 008 | 190422b ||||| |||| 00| 0 eng d0 | ||
| 020 |
_a8122400027 _c260.00 |
||
| 035 | _aB-156751,B-156751 | ||
| 037 | _bRP-BLI-354 / PANSY-07-08:3 / RP-07-08:ENG | ||
| 040 | _c0 | ||
| 082 | 1 | 4 | _a004.65 |
| 100 | 1 | _aRoy Choudhury, D. | |
| 245 | 1 |
_aNetworks and systems _cby D. Roy Choudhury |
|
| 260 |
_aNew Delhi _bNew Age International _c2005r |
||
| 300 |
_axi, 926 p _c23 cm (pbk) |
||
| 500 | _aThis is reprint 2005 | ||
| 942 |
_adpl _cEN _k004.65 / ROY _2ddc _h004.65 _mROY |
||